000 00507nam a22001937a 4500
005 20250226053302.0
008 250226b |||||||| |||| 00| 0 eng d
020 _a9789393805294
040 _aIN-DiNC
_cIN-DiNC
041 _dasm
082 _a891.4513
_bGAL
245 _aGalpa sourav/
_ced. by Ashim Chutia
250 _a1st ed.
260 _aDibrugarh:
_bBanalata,
_c2022.
300 _a136p.
650 _aCollection of Assamese short stories
700 _aChutia, Ashim
_eEditor
942 _2ddc
_cBK
999 _c12055
_d12055